CORPORATE RESTRUCTURING VOL II (Record no. 28154)

MARC details
000 -LEADER
fixed length control field 00318nam a2200121Ia 4500
008 - FIXED-LENGTH DATA ELEMENTS--GENERAL INFORMATION
fixed length control field 240624s9999 xx 000 0 und d
041 ## - LANGUAGE CODE
Language code of text/sound track or separate title eng
082 ## - DEWEY DECIMAL CLASSIFICATION NUMBER
Classification number 658.16 McC
100 ## - MAIN ENTRY--PERSONAL NAME
Personal name MCCONNELL JOHN J
245 ## - TITLE STATEMENT
Title CORPORATE RESTRUCTURING VOL II
260 ## - PUBLICATION, DISTRIBUTION, ETC.
Date of publication, distribution, etc. 2005
Place of publication, distribution, etc. UK
Name of publisher, distributor, etc. Edward Elgar
300 ## - PHYSICAL DESCRIPTION
Extent xxii, : 586 : p. : cm. ; 24
Holdings
Withdrawn status Lost status Damaged status Not for loan Home library Current library Shelving location Date acquired Full call number Barcode Date last seen Price effective from Koha item type
        IMTN IMTN Rack 25-B 12/13/2016 658.16 McC 28154 06/24/2024 06/24/2024 Books
Designed & Maintained by: LRC IMT Nagpur Contact: lrc@imtnag.ac.in© 2024. All Rights Reserved.